| 000 | 01135cam a22002654a 4500 | ||
|---|---|---|---|
| 001 | 13509983 | ||
| 005 | 20241106183034.0 | ||
| 008 | 040303s2005 enka b 001 0 eng | ||
| 020 | _a9780521817332 | ||
| 050 | 0 | 0 |
_aQA76.59 _b.B43 2005 |
| 082 | 0 | 0 |
_a005.268 _222 |
| 100 | 1 | _aB'Far, Reza. | |
| 245 | 1 | 0 |
_aMobile computing principles : _bdesigning and developing mobile applications with UML and XML / _cReza B'Far ; foreword by Roy T. Fielding. |
| 260 |
_aCambridge, [England] ; _aNew York : _bCambridge University Press, _c2005. |
||
| 300 |
_axvi, 861 p. : _bill. ; _c26 cm. |
||
| 650 | 0 | _aMobile computing. | |
| 650 | 0 | _aUML (Computer science) | |
| 650 | 0 | _aXML (Document markup language) | |
| 700 | _aFielding, Roy T. | ||
| 856 | 4 | 1 |
_3Sample text _uhttp://www.loc.gov/catdir/samples/cam051/2004045705.html |
| 856 | 4 | 2 |
_3Publisher description _uhttp://www.loc.gov/catdir/description/cam041/2004045705.html |
| 856 | 4 | 1 |
_3Table of contents _uhttp://www.loc.gov/catdir/toc/cam041/2004045705.html |
| 856 | 4 | 2 |
_3Contributor biographical information _uhttp://www.loc.gov/catdir/enhancements/fy0732/2004045705-b.html |
| 942 |
_2lcc _cBK _n0 |
||
| 999 |
_c749 _d749 |
||